Исследование минеральной части пшеничных отрубей для их энергетического использования; Энергосбережение и инновационные технологии в топливно-энергетическом комплексе; Т. 2
| Parent link: | Энергосбережение и инновационные технологии в топливно-энергетическом комплексе: материалы Национальной c международным участием научно-практической конференции студентов, аспирантов, ученых и специалистов, посвященной 20-летию создания кафедры электроэнергетики, 18-20 Декабря 2019, Тюмень/ Тюменский индустриальный университет.— , 2019 Т. 2.— 2019.— [С. 22-25] |
|---|---|
| Autor principal: | |
| Autor corporatiu: | |
| Altres autors: | , |
| Sumari: | Заглавие с экрана Режим доступа: по договору с организацией-держателем ресурса |
| Idioma: | rus |
| Publicat: |
2019
|
| Col·lecció: | Теплоэнергетика |
| Matèries: | |
| Accés en línia: | https://elibrary.ru/item.asp?id=42607378 |
| Format: | MixedMaterials Electrònic Capítol de llibre |
| KOHA link: | https://koha.lib.tpu.ru/cgi-bin/koha/opac-detail.pl?biblionumber=664000 |
MARC
| LEADER | 00000naa0a2200000 4500 | ||
|---|---|---|---|
| 001 | 664000 | ||
| 005 | 20250814100656.0 | ||
| 035 | |a (RuTPU)RU\TPU\network\35170 | ||
| 090 | |a 664000 | ||
| 100 | |a 20210323d2019 k||y0rusy50 ca | ||
| 101 | 0 | |a rus | |
| 102 | |a RU | ||
| 135 | |a drnn ---uucaa | ||
| 181 | 0 | |a i | |
| 182 | 0 | |a b | |
| 200 | 1 | |a Исследование минеральной части пшеничных отрубей для их энергетического использования |f К. Т. Ибраева, Е. В. Шутова, Р. Б. Табакаев | |
| 203 | |a Текст |c электронный | ||
| 225 | 1 | |a Теплоэнергетика | |
| 300 | |a Заглавие с экрана | ||
| 320 | |a [Библиогр.: 2 назв.] | ||
| 333 | |a Режим доступа: по договору с организацией-держателем ресурса | ||
| 461 | |t Энергосбережение и инновационные технологии в топливно-энергетическом комплексе |o материалы Национальной c международным участием научно-практической конференции студентов, аспирантов, ученых и специалистов, посвященной 20-летию создания кафедры электроэнергетики, 18-20 Декабря 2019, Тюмень |o в 2 т. |f Тюменский индустриальный университет |d 2019 | ||
| 463 | |t Т. 2 |v [С. 22-25] |d 2019 | ||
| 610 | 1 | |a электронный ресурс | |
| 610 | 1 | |a труды учёных ТПУ | |
| 610 | 1 | |a энергетическое топливо | |
| 610 | 1 | |a пшеничные отруби | |
| 700 | 1 | |a Ибраева |b К. Т. |c специалист в области энергетического машиностроения |c инженер-исследователь Томского политехнического университета |f 1993- |g Канипа Талгатовна |3 (RuTPU)RU\TPU\pers\46099 | |
| 701 | 1 | |a Шутова |b Е. В. |g Евгения Викторовна | |
| 701 | 1 | |a Табакаев |b Р. Б. |c специалист в области теплоэнергетики |c научный сотрудник Томского политехнического университета, кандидат наук |f 1986- |g Роман Борисович |3 (RuTPU)RU\TPU\pers\29598 |9 14133 | |
| 712 | 0 | 2 | |a Национальный исследовательский Томский политехнический университет |b Инженерная школа энергетики |b Научно-образовательный центр И. Н. Бутакова (НОЦ И. Н. Бутакова) |3 (RuTPU)RU\TPU\col\23504 |
| 801 | 2 | |a RU |b 63413507 |c 20210323 |g RCR | |
| 856 | 4 | |u https://elibrary.ru/item.asp?id=42607378 | |
| 942 | |c CF | ||